MARC details
| 000 -LEADER |
| fixed length control field |
01946nam a22003017a 4500 |
| 003 - CONTROL NUMBER IDENTIFIER |
| control field |
OSt |
| 005 - DATE AND TIME OF LATEST TRANSACTION |
| control field |
20251117084936.0 |
| 008 - FIXED-LENGTH DATA ELEMENTS--GENERAL INFORMATION |
| fixed length control field |
251117b |||||||| |||| 00| 0 eng d |
| 040 ## - CATALOGING SOURCE |
| Transcribing agency |
DCL |
| 082 ## - DEWEY DECIMAL CLASSIFICATION NUMBER |
| Classification number |
၂၉၄.၃၈၂၃၅၃ |
| 130 ## - MAIN ENTRY--UNIFORM TITLE |
| Uniform title |
တိပိဋက။ |
| Name of part/section of a work |
သုတ္တန္တပိဋက။ |
| -- |
ခုဒ္ဒကနိကာယ။ |
| Title of a work |
ဇာတက၊ ပါဌဇာတ်၊ |
| Language of a work |
ပါဠိတော်၊ |
| Version |
နိဿယ။ |
| 245 ## - TITLE STATEMENT |
| Title |
ပါဌဇာတ်ပါဠိတော်နိဿယ၊ |
| Number of part/section of a work |
ဧကနိပါတ် / |
| Statement of responsibility, etc. |
အသျှင်ဇာဂရမထေရ်။ |
| 264 ## - PRODUCTION, PUBLICATION, DISTRIBUTION, MANUFACTURE, AND COPYRIGHT NOTICE |
| Place of production, publication, distribution, manufacture |
မန္တလေး ၊ |
| Name of producer, publisher, distributor, manufacturer |
မန္တလေးတောင် ပိဋကတ်တော်စာပုံနှိပ်တိုက်၊ |
| Date of production, publication, distribution, manufacture, or copyright notice |
၁၉၃၆။ |
| 300 ## - PHYSICAL DESCRIPTION |
| Extent |
[၃၁၄ ] စာမျက်နှာ ၊ |
| Dimensions |
၂၅ စင်တီ။ |
| 650 ## - SUBJECT ADDED ENTRY--TOPICAL TERM |
| Topical term or geographic name entry element |
ဇာတက |
| Form subdivision |
ပါဠိတော်နိဿယ။ |
| 650 ## - SUBJECT ADDED ENTRY--TOPICAL TERM |
| Topical term or geographic name entry element |
ဧကနိပါတ်၊ |
| Form subdivision |
ပါဠိတော်နိဿယ။ |
| 650 ## - SUBJECT ADDED ENTRY--TOPICAL TERM |
| Topical term or geographic name entry element |
ဒုကနိပါတ်၊ |
| Form subdivision |
ပါဠိတော်နိဿယ။ |
| 650 ## - SUBJECT ADDED ENTRY--TOPICAL TERM |
| Topical term or geographic name entry element |
တိကနိပါတ်၊ |
| Form subdivision |
ပါဠိတော်နိဿယ။ |
| 650 ## - SUBJECT ADDED ENTRY--TOPICAL TERM |
| Topical term or geographic name entry element |
စတုက္ကနိပါတ်၊ |
| Form subdivision |
ပါဠိတော်နိဿယ။ |
| 650 ## - SUBJECT ADDED ENTRY--TOPICAL TERM |
| Topical term or geographic name entry element |
ပဥ္စကနိပါတ်၊ |
| Form subdivision |
ပါဠိတော်နိဿယ။ |
| 650 ## - SUBJECT ADDED ENTRY--TOPICAL TERM |
| Topical term or geographic name entry element |
ဆက္ကနိပါတ်၊ |
| Form subdivision |
ပါဠိတော်နိဿယ။ |
| 650 ## - SUBJECT ADDED ENTRY--TOPICAL TERM |
| Topical term or geographic name entry element |
သတ္တနိပါတ်၊ |
| Form subdivision |
ပါဠိတော်နိဿယ။ |
| 650 ## - SUBJECT ADDED ENTRY--TOPICAL TERM |
| Topical term or geographic name entry element |
အဋ္ဌကနိပါတ်၊ |
| Form subdivision |
ပါဠိတော်နိဿယ။ |
| 650 ## - SUBJECT ADDED ENTRY--TOPICAL TERM |
| Topical term or geographic name entry element |
နဝကနိပါတ်၊ |
| Form subdivision |
ပါဠိတော်နိဿယ။ |
| 650 ## - SUBJECT ADDED ENTRY--TOPICAL TERM |
| Topical term or geographic name entry element |
ဒသနိပါတ်၊ |
| Form subdivision |
ပါဠိတော်နိဿယ။ |
| 700 ## - ADDED ENTRY--PERSONAL NAME |
| Personal name |
ဇာဂရမထေရ်၊ အသျှင် |
| 942 ## - ADDED ENTRY ELEMENTS (KOHA) |
| Source of classification or shelving scheme |
Dewey Decimal Classification |
| Koha item type |
Short Term |
| Suppress in OPAC |
No |